Bilecik Bilecik Bilecik Bilecik Bilecik

Türk kültürü, edebiyatı ve sanatında Mevlâna ve Mevlevîlik ulusal sempozyumu, 14-16 Aralık 2006, bildiriler/ (Record no. 74086)

MARC details
000 -BAŞLIK
Sabit Uzunluktaki Kontrol Alanı 01705nam a22003737a 4500
001 - KONTROL NUMARASI
Control Dosyası 0073330
003 - KONTROL NUMARASI KİMLİĞİ
Kontrol Alanı KOHA_MİRAKIL
005 - EN SON İŞLEM TARİHİ ve ZAMANI
Kontrol Alanı 20260207005134.0
007 - FİZİKSEL TANIM SABİT ALAN - GENEL BİLGİ
Sabit uzunluklu kontrol alanı ta
008 - SABİT UZUNLUKTAKİ VERİ ÖGELERİ - GENEL BİLGİ
Sabit Alan 250306b2007 tu a|||grt|||#0|||0|tur |
020 ## - ISBN - ULUSLARARASI STANDART KİTAP NUMARASI
Isbn 9789754481792
040 ## - KATALOGLAMA KAYNAĞI
Özgün Kataloglama Kurumu TR-BiSEU
Kataloglama Dili tur
Çeviri Kurumu TR-BiSEU
Açıklama Kuralları rda
041 0# - DİL KODU
Metin ya da ses kaydının dil kodu tur
044 ## - YAYINLAYAN/ÜRETEN KURULUŞUN ÜLKE KODU
ISO country code tu
050 ## - SINIFLAMA ve YER NUMARASI
Sınıflama Numarası BP189.7.M42
Yer Numarası T87 2007
111 2# - TOPLANTI ADI
Toplantı Adı Türk Kültürü, Edebiyatı ve Sanatında Mevlana ve Mevlevilik Ulusal Sempozyumu( 2006 : Konya )
9 (RLIN) 147549
245 1# - ESER ADI BİLDİRİMİ
Başlık Türk kültürü, edebiyatı ve sanatında Mevlâna ve Mevlevîlik ulusal sempozyumu, 14-16 Aralık 2006, bildiriler/
Sorumluluk Bildirimi Selçuk Üniversitesi Mevlâna Araştırma ve Uygulama Merkezi..
264 #1 - ÜRERİM, YAYIN, DAĞITIM ve TELİF BİLDİRİMİ
Yayın yeri Konya :
Yayınlayan Selçuk Üniversitesi Mevlâna Araştırma ve Uygulama Merkezi
Yayın tarihi 2007
300 ## - FİZİKSEL TANIMLAMA
Sayfa, Cilt vb. XIX, 613 sayfa :
Diğer fiziki detaylar resim ;
Boyutları 24 cm.
336 ## - İÇERİK TÜRÜ
Content type term metin
Content type code txt
Source rdacontent
337 ## - MEDYA TÜRÜ
Media type term aracısız
Media type code n
Source rdamedia
338 ## - TAŞIYICI TÜRÜ
Carrier type term cilt
Carrier type code nc
Source rdacarrier
490 1# - DİZİ BİLDİRİMİ
Dizi Bildirimi Selçuk Üniversitesi Mevlanâ araştırma ve Uygulama Merkezi Yayınları Yayın No ;
Cilt Numarası 1.
490 1# - DİZİ BİLDİRİMİ
Dizi Bildirimi Bildiriler Serisi No ;
Cilt Numarası 1
650 #0 - KONU BAŞLIĞI EK GİRİŞ - KONU TERİMİ
Konusal terim veya coğrafi ad Mevlana Celalettin Rumi, 1207-1273.
9 (RLIN) 37850
650 #0 - KONU BAŞLIĞI EK GİRİŞ - KONU TERİMİ
Konusal terim veya coğrafi ad Mevlevilik--Kongreler.
9 (RLIN) 56967
650 #0 - KONU BAŞLIĞI EK GİRİŞ - KONU TERİMİ
Konusal terim veya coğrafi ad Mevlana şiirinin özellikleri.
9 (RLIN) 147550
650 #0 - KONU BAŞLIĞI EK GİRİŞ - KONU TERİMİ
Konusal terim veya coğrafi ad Mevlana düşüncesinde Allah ve dünya kavramı.
9 (RLIN) 147551
650 #0 - KONU BAŞLIĞI EK GİRİŞ - KONU TERİMİ
Konusal terim veya coğrafi ad Mevlana Celalettin Rumi, 1207-1273.Mevlevi Order--Congresses.Characteristics of Mevlana poetry.The concept of God and the world in Mevlana's thought.
9 (RLIN) 147552
830 1# - SERİ EK GİRİŞİ - TEKBİÇİM ESER ADI
Tekbiçim Başlık Selçuk Üniversitesi Mevlanâ araştırma ve Uygulama Merkezi Yayınları Yayın No ;
Volume number/sequential designation 1.
9 (RLIN) 147553
830 1# - SERİ EK GİRİŞİ - TEKBİÇİM ESER ADI
Tekbiçim Başlık Bildiriler Serisi No ;
Volume number/sequential designation 1
9 (RLIN) 147554
907 ## - LOCAL DATA ELEMENT G, LDG (RLIN)
a Bildiri
942 ## - EK GİRİŞ ÖGELERİ (KOHA)
Source of classification or shelving scheme Library of Congress Classification
Koha item type Book
Holdings
Materyal Türü Kalıcı Konum Mevcut Konum Raf Yeri Sınıflandırma Kaynağı Edinim Bilgisi Ana Konular Alt Konular Yer Numarası Demirbaş Numarası Fatura Tarihi Geri Çekilme Durumu Kayıp Durumu Hasarlı Durumu Kredi için değil Kayıt Tarih Toplam Ödünçverme Son Görülme Tarihi Son Kontrol Tarihi Genel / Bağış Notu
Book Prof. Dr. Azmi Özcan Kütüphanesi Prof. Dr. Azmi Özcan Kütüphanesi Uluğbey Salonu Library of Congress Classification Bağış FELSEFE, PSİKOLOJİ, DİN İslam, Bahailik, Teozofi vb. BP189.7.M42 T87 2007 0073330 02/02/2026         06/03/2025   26/03/2025 26/03/2025 Christopher FERRARD, Akademisyen